Ngụ ngôn và cuộc sống
Giới thiệu 216 truyện ngụ ngôn về đời sống con người và mối quan hệ trong xã hội.
Gorde:
| Egile nagusia: | |
|---|---|
| Formatua: | Liburua |
| Hizkuntza: | Undetermined |
| Argitaratua: |
Hà Nội
Văn hóa Dân tộc
2011
|
| Gaiak: | |
| Etiketak: |
Etiketa erantsi
Etiketarik gabe, Izan zaitez lehena erregistro honi etiketa jartzen!
|
| Thư viện lưu trữ: | Trung tâm Học liệu Trường Đại học Cần Thơ |
|---|
| LEADER | 00714nam a2200193Ia 4500 | ||
|---|---|---|---|
| 001 | CTU_170468 | ||
| 008 | 210402s9999 xx 000 0 und d | ||
| 082 | |a 398.209597 | ||
| 082 | |b Th401 | ||
| 100 | |a Dương, Minh Thoa | ||
| 245 | 0 | |a Ngụ ngôn và cuộc sống | |
| 245 | 0 | |c Dương Minh Thoa, Phạm Minh Hạnh | |
| 260 | |a Hà Nội | ||
| 260 | |b Văn hóa Dân tộc | ||
| 260 | |c 2011 | ||
| 520 | |a Giới thiệu 216 truyện ngụ ngôn về đời sống con người và mối quan hệ trong xã hội. | ||
| 650 | |a Fables, Vietnamese,Truyện ngụ ngôn Việt Nam | ||
| 904 | |i Năm | ||
| 980 | |a Trung tâm Học liệu Trường Đại học Cần Thơ | ||